000 00881nam a2200241 a 4500
001 000023189
005 20200930022039.0
008 101130s1986 mx 000 0 spa d
020 _a968409355x
040 _aDO-SdBNP
_bspa
_cBNPHU
041 1 7 _aspa
_heng
_2Código de idiomas MARC
082 _ann*
_bnn*
100 1 _aHartrich, Edwin.
_947737
240 1 0 _aThe american opportunity.
_lEspañol
245 1 3 _aLa era de la ecopolítica :
_b¿puede EUA convertirse en líder mundial? /
_cEdwin Hartrich ; traducción Patricia Brown de Cenos.
260 _aMéxico, D. F. :
_bEdamex,
_c1986.
300 _a363 p. ;
_c19 cm.
490 1 _aLos libros hacen libres a los hombres
534 _aTítulo de la obra en inglés :
_tThe american opportunity
700 1 _aBrown de Cenos, Patricia,
_etr.
_945632
830 0 _aLos libros hacen libres a los hombres
_947738
049 _aBNGR
999 _c22686
_d22686